[Event "Ostravsky Konik-A 2019"]
[Site "Ostrava"]
[Date "2019.05.05"]
[Round "9.8"]
[White "Chlevistan, Jakub"]
[Black "Malicka, Maria"]
[Result "1/2-1/2"]
[WhiteElo "2047"]
[BlackElo "2118"]
[Annotator "TA"]
[PlyCount "79"]
[EventDate "2019.04.27"]
[EventType "swiss"]
[EventCountry "CZE"]
[SourceTitle "playchess.com"]
[Source "ChessBase"]
[SourceQuality "1"]

{[%evp 20,79,9,7,20,25,29,0,22,21,131,132,243,236,231,222,770,758,29986,419,410,408,463,109,113,8,8,-376,-364,-337,64,68,84,60,111,103,101,0,0,0,0,0,0,0,11,12,13,0,0,0,0,0,0,0,0,0,0,0,0,0,0,0]} 1. Nf3 d5 2. d4 Nf6 3. c4 e6 4. Nc3 Bb4 5. Bg5 h6 6. Bxf6 Qxf6 7. e3 O-O 8. Rc1 dxc4 9. Bxc4 c5 10. O-O cxd4 11. Nxd4 Bxc3 $146 {D38: Queen's Gambit Declined: Ragozin Defence (4 Nf3 Bb4)} ({Predecessor:} 11... Bd7 12. Qb3 Nc6 13. Nxc6 Bxc3 14. Qxc3 Bxc6 15. Qxf6 gxf6 16. Rfd1 Rfd8 17. f3 f5 18. Kf2 Kg7 19. Be2 {½-½ (26) Ding,L (2812)-Giri,A (2797) Shamkir 2019}) 12. Rxc3 Rd8 {next ...e5 is good for Black.} 13. Qh5 a6 14. f4 Bd7 (14... Nc6 $11) 15. f5 $1 $16 {[%cal Rf5e6] Hoping for fxe6.} e5 {[#]} (15... Qe5 $16) 16. Ne6 $1 $18 {[%cal Re6d8][%mdl 512]} Rc8 (16... Bxe6 17. fxe6) 17. Bb3 $1 Bc6 $2 (17... Rxc3 18. bxc3 e4) 18. g4 Qe7 {[#]} 19. h4 (19. f6 $142 $1 {[%mdl 512]} gxf6 20. Qxh6 fxe6 21. Rxf6 Qxf6 22. Qxf6 Bd7 23. Bxe6+ Bxe6 24. Qxe6+ {[%mdl 64] Double Attack} Kg7 25. Rxc8) 19... Nd7 {[%cal Bb8d7,Bd7f6,Bf6d5,Bd5e3][%mdl 32] [#]} 20. Nxg7 $1 {[%mdl 512]} Nf6 (20... Kxg7 21. g5) 21. Qg6 $2 (21. Qxh6 $18 {is the precise move to win.} Qb4 22. Rf4) 21... Bd5 $16 22. Bxd5 (22. Qxh6 $16 Qb4 23. Rf4 (23. Qxf6 $2 Qxg4+ {[%mdl 64] Double Attack} 24. Kf2 Rxc3 $19)) 22... Nxd5 $11 23. Rxc8+ $4 {[%mdl 8192]} (23. Qxh6 $11 {and White is okay.} Qb4 24. Ne8 (24. Rxc8+ $2 Rxc8 25. Nh5 Qxg4+ {[%mdl 64] Double Attack} 26. Kh1 Qxh4+ 27. Kg1 Qg4+ 28. Kh1 Rc6 $19) 24... Qxg4+ 25. Kf2 Rxc3 26. bxc3 Qxf5+ 27. Kg3 Qg6+ 28. Qxg6+ fxg6 29. Nf6+ Nxf6 30. Rxf6) 23... Rxc8 $19 24. Qxh6 Qc5 $2 (24... Rc4 $19 25. Qg5 Qxg5 26. hxg5 Kxg7) 25. Nh5 $1 $14 {[%csl Gh5][%cal Rh6g7]} ({Don't go for} 25. Re1 $2 Qb4 $1 $19 {[%mdl 512]}) 25... Qxe3+ 26. Qxe3 Nxe3 {[%mdl 4096] Endgame KRN-KRN} 27. Nf6+ Kg7 {[#]} 28. Re1 ({White must play} 28. Rf3 $1 $16 {Strongly threatening Nh5+.} Kxf6 29. g5+ (29. Rxe3 Rc4 $11) 29... Kg7 30. Rxe3) 28... Nxf5 $11 {The position is equal.} 29. Nh5+ Kg6 30. Rxe5 Nxh4 {And now ...Nf3+ would win.} 31. Kf2 Rc2+ 32. Kg3 Ng2 33. Rf5 Rxb2 34. Rf6+ Kg5 35. Rxf7 Ne3 36. Rg7+ Kh6 37. Rg8 Rxa2 38. Nf6 {[%csl Gg8][%cal Rg4g5]} Ra5 39. Kh4 {Black must now prevent g5+.} Ng2+ 40. Kg3 {Accuracy: White = 54%, Black = 38%.} 1/2-1/2